000 00486nam a2200133Ia 4500
008 191014s9999 xx 000 0 und d
020 _a981-02-3587-9
082 _a539.7215
_bAGU
100 _aM. Aguilar Benitez, A. Morales, E. Fernandez, F. J. Yndurain
_920596
245 0 _a25th International Winter Meeting on Fundamental Physics Selected Topics on High Energy and Astroparticle Physics
260 _aSingapore
_bWorld Scientific Company
_c1998
300 _aXi,360
942 _cBK
999 _c531191
_d531191